Jak dobrze znasz grę piggy? Przetestuj się w tym quizie i się sprawdź. - Statystyki

Ogólne statystyki
  • Ten quiz został rozwiązany 11 razy
  • Średni wynik to 2 z 7
Statystyki odpowiedzi
Pytanie Odpowiedź % Poprawnych
level 10- Na jakiej mapie podczas ucieczki z mapy jest zdjęcie Mrs.P? Carnival
100%
level 5-Jaki skin jest najtrudniejszy do zdobycia ? TIO
80%
level 30-Jak sie nazywa skinktóry zdobywało się na więcej niż 2 mapy? Bess
20%
level 15-Jaki skin był do zdobycia w chapterze 1 book 1 Gold piggy
20%
level 0- Jaka jest mapaktóra jest zawsze wybierana na publicznym lobby? Mall
20%
level 20-Jak się nazywał skinktóry został dodany z Frostipiggy i świąteczną mapą? Primrose
0%
level 25-A jak się nazywał trap który też został wtedy dodany? SnowPiggy
0%
Nie znaleziono quizów pasujących do podanych kryteriów
Rozkład punktacji
Procent ludzi z każdym wynikiem
Percentyl według liczby udzielonych odpowiedzi
Twoja historia wyników
Nie rozwiązałeś tego quizu